FIFO - First In First Out sinclair magazín

Bibliographic Details
Format: Journal
Language:Slovak
PhysicalDescription:4 zv. 29 cm
Published: Zvolen FIFO 1990-1994
Subjects:

MARC

LEADER 00000cas a2200000 a 4500
001 vtls008883921
003 SK-MaSNL
005 20260228162218.0
008 150331d19901994xo n|p 0 0 b0slo c
035 |a (SVKBB03)vtls000141749 
040 |a SVKBB  |b slo  |c SVKBB  |d SNK  |e AACR2 
041 0 |a slo 
044 |a xo  |c SK 
072 7 |a 004.3  |x Počítače. Hardvér  |2 konspekt 
072 7 |a 004.4/.6  |x Programovanie. Softvér  |2 konspekt 
080 |a 050  |2 2001 
080 |a 004.382.7  |2 2001 
080 |a 004.42  |2 2001 
245 0 0 |a FIFO - First In First Out  |b sinclair magazín 
260 |a Zvolen  |b FIFO  |c 1990-1994 
300 |a 4 zv.  |c 29 cm 
310 |a Nepravidelne 
362 0 |a 1/1990-26/1994 
500 |a Podnázov sa mení 
515 |a Priebežné číslovanie 
650 0 7 |a mikropočítače  |2 SNKPH  |9 119517 
650 0 7 |a počítačové programy  |2 SNKPH  |9 1222 
650 0 7 |a počítačové hry  |2 SNKPH  |9 1855 
655 7 |a špecializované časopisy  |2 SNKPH  |9 70509 
910 |a snk 
916 |a 1990-1994 
958 |a OND 
999 |c 7156  |d 9086 
952 |0 0  |1 0  |4 0  |7 0  |8 0  |a SNK  |b SNK  |d 1997-04-07  |f 1  |i snkČSP 5245/92  |l 0  |o snkČSB 4138/1990  |p 17A0059489  |r 2005-01-02 00:00:00  |t č. 1-6  |w 2026-02-21  |y PREZ 
952 |0 0  |1 0  |4 0  |7 0  |8 0  |a SNK  |b SNK  |d 1997-09-17  |i snkČSP 5246/92  |l 0  |o snkČSB 4138/1990 D1  |p 17A0094846  |r 2005-01-02 00:00:00  |t č. 1-6  |w 2026-02-21  |y PREZ 
952 |0 0  |1 0  |4 0  |7 0  |8 0  |a SNK  |b SNK  |d 1997-04-07  |f 1  |i snkČSP 5248/92  |l 0  |o snkČSB 4138/1991  |p 17A0059488  |r 2005-01-02 00:00:00  |t č. 7-11  |w 2026-02-21  |y PREZ  |z Číslovanie nadväzuje na predchádzajúci ročník 
952 |0 0  |1 0  |4 0  |7 0  |a SNK  |b SNK  |d 1998-03-13  |l 0  |o snkČSB 4138/1991 D1  |p 17A0127169  |r 2005-01-02 00:00:00  |t P60, <06>, [BOOK], {606}  |w 2026-02-21  |y PREZ 
952 |0 0  |1 0  |4 0  |7 0  |a SNK  |b SNK  |d 1997-09-17  |f 1  |i snkČSP 2454/94  |l 0  |o snkČSB 4138/1992-93  |p 17A0094901  |r 2005-01-02 00:00:00  |t č. 12-23  |w 2026-02-21  |y PREZ  |z Číslovanie nadväzuje na predchádzajúci ročník. 
952 |0 0  |1 0  |4 0  |7 0  |a SNK  |b SNK  |d 1998-03-11  |l 0  |o snkČSB 4138/1992 D1  |p 17A0127226  |r 2005-01-02 00:00:00  |t P60, <06>, [BOOK], {606}  |w 2026-02-21  |y PREZ 
952 |0 0  |1 0  |4 0  |7 0  |a SNK  |b SNK  |d 2015-02-24  |f 1  |i snkČSP 1964/97  |l 0  |o snkČSB 4138/4/1994  |p 17A0927969  |r 2026-02-21 21:04:31  |t č. 24-26  |w 2026-02-21  |y PREZ  |z Číslovanie nadväzuje na predchádzajúci ročník